000
003030000a22001450004500
005
20120302064429.0
942
_c
BOOK
100
_a
Swami Budhananda
245
_a
Mana ani tyacha nigraha
260
_a
Nagpur:Ramkrishna math
300
_a
87p.
040
_a
Mar
365
_b
5/-
650
_a
Mana
999
_c
362135
_d
362132